| 000 | 00434nam a2200169Ia 4500 | ||
|---|---|---|---|
| 008 | 230917s9999||||xx |||||||||||||| ||und|| | ||
| 020 | _cRS 695.00 | ||
| 040 |
_e5004232 _aMAIN |
||
| 041 | _aEnglish | ||
| 082 | _a342 K127E | ||
| 100 | _aKalra, Kush | ||
| 245 | 0 | _aElection law | |
| 260 |
_aNew Delhi _bSatyam Law International _c2021 |
||
| 300 | _a328 p. | ||
| 500 | _a4218 22/12/2021 RK22/1841 28/12/2021 Main Budget | ||
| 942 | _cBK | ||
| 999 |
_c3685 _d3685 |
||